[Event "Calchess State Scholastics"]
[Site "Santa Clara"]
[Date "2004.03.21"]
[Round "5"]
[White "Aravind, Ashwin"]
[Black "Lan, Jonathan"]
[Result "0-1"]
[WhiteElo "900"]
[BlackElo "1190"]
[PlyCount "92"]
[EventDate "2004.03.20"]
[EventType "team"]
[EventRounds "6"]
[EventCountry "USA"]
[SourceTitle "EXT 2007"]
[Source "ChessBase"]
[SourceDate "2006.11.23"]
[SourceVersion "1"]
[SourceVersionDate "2006.11.23"]
[SourceQuality "1"]

1. e4 c5 2. Bc4 Nc6 3. Nc3 e6 4. d3 Nge7 5. Bg5 h6 6. Bf4 e5 7. Bg3 d6 8. Bh4 g5 9. Qf3 Be6 10. Bxe6 fxe6 11. Qh5+ Kd7 12. Bxg5 Bg7 13. Bh4 d5 14. exd5 exd5 15. Nxd5 Qa5+ 16. c3 Nxd5 17. Qg4+ Kd6 18. Qg6+ Kd7 19. Qf7+ Kd6 20. Ne2 Qc7 21. Qg6+ Bf6 22. 0-0 Qe7 23. g3 Rag8 24. Qe4 Bxh4 25. c4 Nc7 26. Nc3 a6 27. Rae1 b5 28. Nd5 Qd8 29. Nxc7 Kxc7 30. cxb5 axb5 31. b3 Qd4 32. Qxd4 Nxd4 33. Rxe5 Nf3+ 34. Kh1 Nxe5 35. gxh4 Nxd3 36. a4 bxa4 37. bxa4 Kb6 38. h3 c4 39. Rd1 Nxf2+ 40. Kh2 Nxd1 41. h5 c3 42. a5+ Kxa5 43. h4 c2 44. Kh3 c1Q 45. Kh2 Qc2+ 46. Kh1 Qg2# 0-1

[Event "Calchess State Scholastics"]
[Site "Santa Clara"]
[Date "2004.03.20"]
[Round "2"]
[White "Aravind, Ashwin"]
[Black "Kirk, Kehly"]
[Result "1-0"]
[WhiteElo "900"]
[BlackElo "1094"]
[PlyCount "71"]
[EventDate "2004.03.20"]
[EventType "team"]
[EventRounds "6"]
[EventCountry "USA"]
[SourceTitle "EXT 2007"]
[Source "ChessBase"]
[SourceDate "2006.11.23"]
[SourceVersion "1"]
[SourceVersionDate "2006.11.23"]
[SourceQuality "1"]

1. e4 e5 2. Nf3 Nc6 3. Bc4 Bc5 4. b4 Bb6 5. c3 d6 6. d4 exd4 7. cxd4 Bg4 8. b5 Nxd4 9. Qd3 Qf6 10. Bg5 Nxf3+ 11. gxf3 Ba5+ 12. Nd2 Qxa1+ 13. Ke2 Bxf3+ 14. Qxf3 Qf6 15. Bxf6 Nxf6 16. Rg1 0-0-0 17. Rxg7 Nd7 18. Rxf7 Kb8 19. Be6 Ne5 20. Qf5 Nxf7 21. Qxf7 Rdf8 22. Qg7 h5 23. Nb3 Bb6 24. f3 Re8 25. f4 Rhf8 26. f5 d5 27. exd5 Rxf5 28. Qg6 Rf2+ 29. Kd3 Rf3+ 30. Kc2 Ref8 31. Bf5 R3xf5 32. d6 Rf2+ 33. Nd2 Ka8 34. d7 Re2 35. Qd3 Rd8 36. Qxe2 1-0

[Event "Calchess State Scholastics"]
[Site "Santa Clara"]
[Date "2004.03.20"]
[Round "1"]
[White "Sheu, Vincent"]
[Black "Aravind, Ashwin"]
[Result "1-0"]
[WhiteElo "1277"]
[BlackElo "900"]
[PlyCount "107"]
[EventDate "2004.03.20"]
[EventType "team"]
[EventRounds "6"]
[EventCountry "USA"]
[SourceTitle "EXT 2007"]
[Source "ChessBase"]
[SourceDate "2006.11.23"]
[SourceVersion "1"]
[SourceVersionDate "2006.11.23"]
[SourceQuality "1"]

1. e4 e5 2. Nf3 Nc6 3. Bc4 Bc5 4. Nc3 d6 5. h3 a6 6. a3 b5 7. Bd5 Bd7 8. d3 h6 9. Ne2 Rb8 10. c3 Bb6 11. d4 exd4 12. cxd4 Qf6 13. Be3 Nge7 14. Ba2 0-0 15. 0-0 Ng6 16. b4 Rbe8 17. Qd3 Be6 18. Bd2 Bc4 19. Bxc4 bxc4 20. Qxc4 Nb8 21. Qd3 Nh4 22. Nxh4 Qxh4 23. Ng3 Nd7 24. Bc3 Nf6 25. Rfe1 c5 26. Qxa6 cxd4 27. Qxb6 dxc3 28. Re3 d5 29. Rxc3 dxe4 30. Qc5 Rc8 31. Qd4 Rfd8 32. Rxc8 Rxc8 33. Nf5 Qf4 34. Ne7+ Kf8 35. Nxc8 Ne8 36. Qc5+ Kg8 37. Ne7+ Kh8 38. a4 Nd6 39. a5 g5 40. a6 e3 41. Qxe3 Qxe3 42. fxe3 f5 43. a7 Kg7 44. a8Q f4 45. exf4 gxf4 46. Nd5 Nb5 47. Qb7+ Kg6 48. Ra6+ Kf5 49. Qxb5 Ke4 50. Qc4+ Ke5 51. Nxf4 Kf5 52. g4+ Kg5 53. Rg6+ Kh4 54. Qd4 1-0